Guess the top 20 wingers from NHL26 - Statistics

General Stats
  • This quiz has been taken 29 times
  • The average score is 16 of 20
Answer Stats
Overall Team Players % Correct
89 WIN Kyle Connor
100%
94 BOS David Pastrnak
96%
94 MIN Kirill Kaprizov
96%
96 TBL Nikita Kucherov
96%
90 TOR William Nylander
96%
89 WSH Alex Ovechkin
91%
90 NYR Artemi Panarin
91%
89 UTA Clayton Keller
91%
93 DAL Miko Rantanen
91%
89 NJD Jesper Bratt
87%
90 VGK Mitch Marner
87%
91 FLA Sam Reinhart
87%
89 TBL Brandon Hagel
83%
89 VGK Mark Stone
83%
89 MIN Matt Boldy
83%
89 TBL Jake Guentzel
78%
89 DET Mason Raymond
74%
89 FLA Brad Marchand
70%
93 FLA Matthew Tkatchuk
17%
89 CBJ Kirill Martchenko
13%
No matching quizzes found
Score Distribution
Percent of People with Each Score
Percentile by Number Answered
Your Score History
You have not taken this quiz